|
|
|
|
| LEADER |
01516cam a2200301 i 4500 |
| 001 |
13818835 |
| 003 |
GR-PaULI |
| 005 |
20210512073406.0 |
| 008 |
190715s2004 fr g b 001 0 fre d |
| 952 |
|
|
|0 0
|1 0
|2 ddc
|4 0
|6 709_034000000000000_PAR
|7 0
|9 233952
|a THST
|b THST
|d 2019-07-15
|i 004118
|l 0
|o 709.034 PAR
|p 025000264246
|r 2019-07-15 00:00:00
|t 1
|v 2019.00
|w 2019-07-15
|y BK15
|
| 999 |
|
|
|c 141904
|d 141904
|
| 010 |
|
|
|a 2005370434
|
| 020 |
|
|
|a 2847610588
|
| 040 |
|
|
|a DLC
|c DLC
|d DLC
|d GR-PaULI
|b gre
|e AACR2
|
| 082 |
0 |
4 |
|2 23
|a 709.034
|
| 100 |
1 |
|
|a Partouche, Marc.
|e συγγραφέας
|
| 245 |
1 |
3 |
|a La lignée oubliée :
|b bohèmes, avant-gardes et art contemporain, de 1830 à nos jours /
|c Marc Partouche.
|
| 260 |
|
|
|a Romainville :
|b Al Dante,
|c 2004.
|
| 300 |
|
|
|a 376 σ. ;
|c 19 εκ.
|
| 504 |
|
|
|a Περιλαμβάνει βιβλιογραφία και ευρετήριο.
|
| 650 |
|
4 |
|a Τέχνη, Κινήματα της
|z Γαλλία
|x Ιστορία
|y 19ος αιώνας.
|9 177102
|
| 650 |
|
4 |
|a Τέχνη, Κινήματα της
|z Γαλλία
|x Ιστορία
|y 20ός αιώνας.
|9 177103
|
| 650 |
|
4 |
|a Αβανγκάρντ (Αισθητική)
|z Γαλλία
|x Ιστορία
|y 19ος αιώνας
|9 177104
|
| 650 |
|
4 |
|a Αβανγκάρντ (Αισθητική)
|z Γαλλία
|x Ιστορία
|y 20ός αιώνας
|9 177106
|
| 650 |
|
4 |
|a Τέχνη, Γαλλική
|y 19ος αιώνας.
|9 102801
|
| 650 |
|
4 |
|a Τέχνη, Γαλλική
|y 20ός αιώνας.
|9 177108
|
| 942 |
|
|
|2 ddc
|c BK15
|
| 998 |
|
|
|c ΜΑΝΙΑ
|d 2019-07
|